| 000 | 00471nam a2200193Ia 4500 | ||
|---|---|---|---|
| 005 | 20240823060305.0 | ||
| 008 | 240823s9999||||xx |||||||||||||| ||und|| | ||
| 020 | _a81-219-1337-3 | ||
| 041 | _aENGLISH | ||
| 082 | _A621.402 N6 | ||
| 100 | _aKhurmi R S and Gupta J K | ||
| 245 | 0 | _aThermal Engineering | |
| 250 | _a13th | ||
| 260 |
_c1996 _bS.Chand & Compan |
||
| 500 | _aTRANSFERED | ||
| 650 |
_aThermal Engineering _bMechanical |
||
| 942 | _cBK | ||
| 999 |
_c230783 _d230783 |
||